Not Just A Nightwatchman: My Innings In The BCCI (Record no. 41146)

MARC details
000 -LEADER
fixed length control field 00313nam a2200121Ia 4500
008 - FIXED-LENGTH DATA ELEMENTS--GENERAL INFORMATION
fixed length control field 240719s9999 xx 000 0 und d
041 ## - LANGUAGE CODE
Language code of text/sound track or separate title eng
082 ## - DEWEY DECIMAL CLASSIFICATION NUMBER
Classification number 920 RAI
100 ## - MAIN ENTRY--PERSONAL NAME
Personal name Rai, Vinod
245 ## - TITLE STATEMENT
Title Not Just A Nightwatchman: My Innings In The BCCI
260 ## - PUBLICATION, DISTRIBUTION, ETC.
Place of publication, distribution, etc. New Delhi
Name of publisher, distributor, etc. Rupa
Date of publication, distribution, etc. 2022
300 ## - PHYSICAL DESCRIPTION
Extent 221 P.; 22 Cm.
Holdings
Withdrawn status Lost status Damaged status Not for loan Home library Current library Shelving location Date acquired Total Checkouts Full call number Barcode Date last seen Date last checked out Price effective from Koha item type
        IMTN IMTN Rack 42-B 06/15/2022 1 920 RAI 32841 07/12/2025 07/02/2025 07/19/2024 Books
Designed & Maintained by: LRC IMT Nagpur Contact: lrc@imtnag.ac.in© 2024. All Rights Reserved.